Laboratory manual of batch distillation
Đã lưu trong:
| Tác giả chính: | |
|---|---|
| Định dạng: | Sách |
| Ngôn ngữ: | Tiếng Anh |
| Được phát hành: |
Nueva York
Interscience
1957
|
| Những chủ đề: | |
| Các nhãn: |
Thêm thẻ
Không có thẻ, Là người đầu tiên thẻ bản ghi này!
|
MARC
| LEADER | 00000nam a2200000 a 4500 | ||
|---|---|---|---|
| 001 | UCU7060 | ||
| 003 | CL-VaPUC | ||
| 008 | 960628e19570000US |||||||||||||||||eng|d | ||
| 082 | 0 | 4 | |a 660.284 |b ZUI |2 21 |
| 100 | 0 | |a Zuiderweg, F. J |e author |9 365569 | |
| 245 | 1 | 0 | |a Laboratory manual of batch distillation |
| 300 | |a 126 p | ||
| 942 | |c BK | ||
| 945 | |d 19960628 00:00:00 |a cmena | ||
| 260 | |a Nueva York |b Interscience |c 1957 | ||
| 650 | 0 | |a Química |9 259896 | |
| 650 | 0 | |a Reacciones químicas |9 259438 | |
| 650 | 0 | |a Destilación |9 263952 | |
| 650 | 7 | |a SEPARACION QUIMICA |2 CL-VaPUC |9 342424 | |
| 650 | 0 | |a Tecnología química |9 263002 | |
| 650 | 0 | |a Condensación |9 360886 | |
| 583 | |a last modification |c 19960628 00:00:00 |k Rodrigo Vera | ||
| 999 | |c 249769 |d 249767 | ||
| 952 | |0 0 |1 0 |4 0 |6 660_284000000000000_ZUI_1957 |7 0 |8 A |9 267271 |a BIBING |b BIBING |d 2019-11-19 |i 1697323 |o 660.284 ZUI 1957 |p 1697323 |r 2025-01-20 |w 2019-11-19 |y BK |k EIQ | ||